Theravada buddhism / (Record no. 124758)

MARC details
000 -LEADER
fixed length control field 00787nam a22002417a 4500
005 - DATE AND TIME OF LATEST TRANSACTION
control field 20170124105944.0
010 ## - LIBRARY OF CONGRESS CONTROL NUMBER
LC control number A-681432
020 ## - INTERNATIONAL STANDARD BOOK NUMBER
Terms of availability 250.00
International Standard Book Number 8185133808
035 ## - SYSTEM CONTROL NUMBER
System control number A-681432
037 ## - SOURCE OF ACQUISITION
Source of stock number/acquisition Cen Lib/Ret
040 ## - CATALOGING SOURCE
Original cataloging agency DPL
Language of cataloging EN
082 ## - DEWEY DECIMAL CLASSIFICATION NUMBER
Classification number 250
Item number COP
100 ## - MAIN ENTRY--PERSONAL NAME
Personal name Copleston, Reginald S.
9 (RLIN) 11842
245 ## - TITLE STATEMENT
Title Theravada buddhism /
Statement of responsibility, etc by Reginald S. Copleston; edited by Harcharan Singh Sobti
260 ## - PUBLICATION, DISTRIBUTION, ETC. (IMPRINT)
Name of publisher, distributor, etc Eastern Book Linkers
Place of publication, distribution, etc Delhi
Date of publication, distribution, etc 1993
270 ## - ADDRESS
Address 5825, New Chandrawal, Jawahar Nagar
City Delhi
Postal code 110007
300 ## - PHYSICAL DESCRIPTION
Extent xxiv,206p.
Dimensions 22m(Hb)
500 ## - GENERAL NOTE
General note Includes bibliographical references and index.
650 ## - SUBJECT ADDED ENTRY--TOPICAL TERM
Topical term or geographic name as entry element Theravāda Buddhism
9 (RLIN) 11843
650 ## - SUBJECT ADDED ENTRY--TOPICAL TERM
Topical term or geographic name as entry element Buddhism
9 (RLIN) 1068
700 ## - ADDED ENTRY--PERSONAL NAME
Personal name Sobti, Harcharan Singh
9 (RLIN) 74499
942 ## - ADDED ENTRY ELEMENTS (KOHA)
Source of classification or shelving scheme Dewey Decimal Classification
Koha item type English Books
Classification part 250
Call number suffix COP
Holdings
Withdrawn status Lost status Damaged status Not for loan Home library Current library Date acquired Source of acquisition Cost, normal purchase price Total Checkouts Full call number Barcode Date last seen Date checked out Copy number Cost, replacement price Price effective from Koha item type
        Central Library Central Library 18/06/2015 Cen Lib/Ret 250.00 1 250 COP A-681432 14/11/2019 11/10/2019 1 250.00 18/06/2015 English Books

© Delhi Public Library
Hit Counter
free hit counter